000 00366pab a2200169 454500
008 180718b1998 xxu||||| |||| 00| 0 eng d
100 _aMinocha, Naresh
245 _aLow rating
260 _c1998
300 _ap.9
362 _a9 Jan
650 _aPublic sector
650 _aFinancial institutions
650 _aBanks
773 _aPioneer
909 _a37552
999 _c37552
_d37552